000 00558nam a22001817a 4500
005 20171026171436.0
010 _aENG-120923
020 _a9788123766164
_c110.00
035 _aEN-104455
037 _bDBAD/PUB
082 _a324.954
100 _aRao,N. Bhaskara
245 _aPoll surveys in media /
_cby N. Bhaskara Rao
260 _aNew Delhi
_bNational Book Trust
_c2012
270 _aNehru Bhawan, 5 Institutional Area, Phase -II,
_bNew Delhi
_e110070
300 _axxiii,279p.:
_c22cm(pbk)
_bill.
942 _2ddc
_cEN
_mRAO
_h324.954
999 _c146888
_d146888